Deviant behavior / (Record no. 1410)

000 -LEADER
fixed length control field nam a22 7a 4500
005 - DATE AND TIME OF LATEST TRANSACTION
control field 20170509141856.0
008 - FIXED-LENGTH DATA ELEMENTS--GENERAL INFORMATION
fixed length control field 170509b1984 enk||||| |||| 00| 0 eng d
020 ## - INTERNATIONAL STANDARD BOOK NUMBER
International Standard Book Number 0132082802
040 ## - CATALOGING SOURCE
Original cataloging agency AKMAL
082 ## - DEWEY DECIMAL CLASSIFICATION NUMBER
Classification number 302.542 GOO
090 ## - LOCALLY ASSIGNED LC-TYPE CALL NUMBER (OCLC); LOCAL CALL NUMBER (RLIN)
Classification number (OCLC) (R) ; Classification number, CALL (RLIN) (NR) 302.542
Local cutter number (OCLC) ; Book number/undivided call number, CALL (RLIN) GOO
100 1# - MAIN ENTRY--PERSONAL NAME
Personal name Goode, Erich
9 (RLIN) 2773
245 10 - TITLE STATEMENT
Title Deviant behavior /
Statement of responsibility, etc. Erich Goode
250 ## - EDITION STATEMENT
Edition statement 2nd ed.
260 ## - PUBLICATION, DISTRIBUTION, ETC.
Place of publication, distribution, etc. Englewood Cliffs ;
-- London :
Name of publisher, distributor, etc. Prentice-Hall,
Date of publication, distribution, etc. c1984
300 ## - PHYSICAL DESCRIPTION
Extent xiv,322p. :
Other physical details ill. ;
Dimensions 25cm
500 ## - GENERAL NOTE
General note Previous ed.: 1978.
500 ## - GENERAL NOTE
General note Bibliography: p293-314. _ Includes index.
650 #0 - SUBJECT ADDED ENTRY--TOPICAL TERM
Topical term or geographic name entry element Deviant behavior
9 (RLIN) 2774
942 ## - ADDED ENTRY ELEMENTS (KOHA)
Source of classification or shelving scheme
Koha item type Book
Holdings
Withdrawn status Lost status Source of classification or shelving scheme Damaged status Not for loan Collection code Home library Current library Shelving location Date acquired Inventory number Total Checkouts Full call number Barcode Date last seen Price effective from Koha item type
          NON-FICTION AKMAL Melaka AKMAL Melaka PINJAMAN 09.05.2017 302115   302.542 GOO 201702691 09.05.2017 09.05.2017 Book
Pusat Sumber Maklumat Dato' Haji Sarmin Md Hussin, Akademi Kastam Diraja Malaysia, Melaka
Tel: 06-2331106 | Faks: 06-2313787